000 00456nam a2200181 i 4500
001 146620
003 ES-MaACL
005 20230906201616.0
007 t|
008 070913s1963 sp ||||1| spa d
080 _a244
080 _a86-94"19"
100 1 _aTreviño, J. G.
_9111350
245 1 0 _aHacia las cumbres /
_cJ.G. Treviño.
260 _aMadrid :
_bStudium,
_c[1963]
300 _a139 p. ;
_c23 cm.
852 _aES-MaACL
_jC-24544
_bR.53042
999 _c146620
_d146620